01618nam a2200289 a 450000100100000000500170001000800410002704000130006808200220008110000350010324501060013826000710024430000230031550000700033850000420040865000550045065000530050565100560055870000440061404900090065895201340066795201340080195201340093595201190106995201250118899900150131300000795920240315194505.0090914s1985 dr 000 0 spa d aDO-SdBNP a332.497293bG215s1 aGarcía Michel, Eduardo9928113aEl sector externo y la economía dominicana /cEduardo García Michel ; prólogo Carlos Despradel. aSanto Domingo :bCentro de Estudios Monetarios y Bancarios,c1985. a124 p. : ;c22 cm. aIncluye datos biográficos del autor en la solapa de la cubierta aIncluye notas al pie de las páginas 4aCuestión monetariazRepública Dominicana97929 4aPolitica monetariazRepública Dominicana95998 4aRepública DominicanayPOLITICA ECONÓMICA9217721 aDespradel, Carlosd1942-epról.99280 aBNPD 001054708DSaGRbGRcCTd2011-02-23iLF1l0o332.497293 G215sp7959-30r2020-06-25te. 3w2020-06-25yLFDSZPréstamo en sala 001054708DSaGRbGRcCTd2011-02-24iLF1l0o332.497293 G215sp7959-40r2020-06-25te. 4w2020-06-25yLFDSZPréstamo en sala 001054708DSaGRbGRcCTd2013-06-13iLF1l0o332.497293 G215sp7959-50r2020-06-25te. 5w2020-06-25yLFDSZPréstamo en sala 0010718PDaPDbPDcHDd2009-09-14iLF1l0o332.497293 G215sp7959-10r2020-06-25w2020-06-25yLFPDZNo se presta 0010718PDaPDbPDcCTd2009-09-16iLF1l0o332.497293 G215sp7959-20r2020-06-25te. 2w2020-06-25yLFPDZNo se presta c7737d7737